| 000 | 00465nam a2200169Ia 4500 | ||
|---|---|---|---|
| 003 | GCL | ||
| 008 | 140319s9999 xx 000 0 eng d | ||
| 040 |
_aGCL / _cGCL |
||
| 082 | 0 | 4 |
_aCC _b962.03 _bB E |
| 100 | 1 | _aBREGEON, JEAN - JOEL | |
| 245 | 1 | 0 |
_aL'EGYPTE FRANCAISE AU JOUR LE JOUR: 1798 - 1801 / _cBREGEON, JEAN - JOEL |
| 260 |
_a[S.N] : _bPERRIN ، _c1991 |
||
| 300 | _a441 P | ||
| 650 | 0 | 4 | _aFRENCH, EGYPT WAR |
| 650 | 0 | 4 | _aEGYPT - HISTORY |
| 942 |
_2ddc _cBK |
||
| 999 |
_c25680 _d25680 |
||